| 000 | 00842nam a2200277 a 4500 | ||
|---|---|---|---|
| 003 | AR-BaBNM | ||
| 005 | 20251128203608.0 | ||
| 008 | 082120s2002 ||||||||||||||000 | spa|| | ||
| 040 | _cAR-BaBNM | ||
| 100 | 1 | _aGuaresti, Juan José | |
| 245 | 0 | 0 |
_aEconomía política _blas necesidades humanas y su influencia en la conformación del mercado. 5 |
| 260 |
_aBuenos Aires _bKraft _c1945 |
||
| 300 |
_a351 p. _bgráfs. |
||
| 504 | _aAl final de cada capítulo se encuentra la bibliografía para consultar | ||
| 650 | 4 | _aECONOMIA | |
| 650 | 4 | _aFINANZAS | |
| 650 | 4 | _aSISTEMAS ECONOMICOS | |
| 650 | 4 | _aPOLITICA DE DESARROLLO | |
| 650 | 4 | _aDESARROLLO ECONOMICO Y SOCIAL | |
| 650 | 4 | _aMONOPOLIOS | |
| 650 | 4 | _aMERCADOS | |
| 653 | _aECONOMIA POLITICA | ||
| 700 | 1 |
_aSanchez Elía, Angel _eprologuista |
|
| 942 | _cBK | ||
| 998 | _cmariana | ||
| 999 |
_c4068 _d4068 |
||